Análisis financiero y de gestión / Rodrigo Estupiñon Gaitán y Orlando Estupiñon Gaitán (Registro nro. 10602)

Detalles MARC
000 -LEADER
fixed length control field 00656nam a22002171a 4500
001 - CONTROL NUMBER
control field 10602
003 - CONTROL NUMBER IDENTIFIER
control field OSt
005 - DATE AND TIME OF LATEST TRANSACTION
control field 20260204212205.0
008 - FIXED-LENGTH DATA ELEMENTS--GENERAL INFORMATION
fixed length control field 100116s2006||||ck ||||||b||||||||||spa||
020 ## - NUMERO DE LIBRO INTERNACIONAL NORMALIZADO
International Standard Book Number 9586484424
050 ## - LIBRARY OF CONGRESS CALL NUMBER
Classification number 658.15 Ea E88a
100 ## - ASIENTO PRINCIPAL -- NOMBRE PERSONAL
Personal name Estupiñon Gaitán, Rodrigo
245 ## - TÍTULO PROPIAMENTE DICHO: SUBTÍTULO
Title Análisis financiero y de gestión / Rodrigo Estupiñon Gaitán y Orlando Estupiñon Gaitán
250 ## - MENCIÓN DE EDICIÓN
Edition statement 2
264 ## - PRODUCTION, PUBLICATION, DISTRIBUTION, MANUFACTURE, AND COPYRIGHT NOTICE
Place of production, publication, distribution, manufacture Colombia : Ecoe
300 ## - PHYSICAL DESCRIPTION
Extensión 406 p
500 ## - GENERAL NOTE
General note Incluye bibliografía y CD Rom
650 ## - ASIENTO SECUNDARIO DE MATERIA -- TERMINO TEMÁTICO
Termino Temático Como Elemento de Entrada Análisis Financiero 2.Gestión Financiera 3.Empresas - Contabilidad
700 ## - ASIENTO SECUNDARIO -- NOMBRE PERSONAL
Personal name Estupiñon Gaitán, OrlandoÌ
942 ## - ADDED ENTRY ELEMENTS (KOHA)
Source of classification or shelving scheme Dewey Decimal Classification
Koha item type Libros
Existencias
Withdrawn status Lost status Source of classification or shelving scheme Damaged status Not for loan Current library Date acquired Total Checkouts Full call number Barcode Date last seen Price effective from Koha item type
    Dewey Decimal Classification     Biblioteca UTECO 09/09/2019   658.15 EA E88A 014979 09/09/2019 09/09/2019 Libros
© 2021 Derechos Reservados UTECO - Teléfono: +1 809-585-2291 - Correo electrónico: biblioteca@uteco.edu.do​  
Código postal 43000 ​​
Dirección: Avenida Universitaria No. 100, 
Cotuí, Provincia Sánchez Ramírez, República Dominicana - RNC: 404-00059-6